000 00309nam a22001457a 4500
003 SGT
020 _a9788180542138
082 _a346.4107
_bKAP
100 _aKAPOOR , N D
245 _aELEMENTS OF MERCANTILE LAW
250 _a28
260 _aDELHI
_bSULTAN CHAND
_c2007
300 _a618
942 _2ddc
_cBK
999 _c25077
_d25077